World vegetation / (Record no. 72756)
[ view plain ]
| 000 -LEADER | |
|---|---|
| fixed length control field | 00769nam a2200265 a 4500 |
| 001 - CONTROL NUMBER | |
| control field | 72756 |
| 003 - CONTROL NUMBER IDENTIFIER | |
| rucl marc code | BD-RjUL |
| 005 - DATE AND TIME OF LATEST TRANSACTION | |
| control field | 20211209082315.0 |
| 008 - FIXED-LENGTH DATA ELEMENTS--GENERAL INFORMATION | |
| fixed length control field | 170523r19681966enka 001 0 eng d |
| 020 ## - INTERNATIONAL STANDARD BOOK NUMBER | |
| Terms of availability | 11/6 |
| 035 ## - SYSTEM CONTROL NUMBER | |
| System control number | (BD-RjUL)72974 |
| 040 ## - CATALOGING SOURCE | |
| Original cataloging agency | DLC/ICU |
| Transcribing agency | ICU |
| Modifying agency | BD-RjUL |
| Language of cataloging | eng |
| 041 ## - LANGUAGE CODE | |
| Language code of text/sound track or separate title | eng |
| 082 00 - DEWEY DECIMAL CLASSIFICATION NUMBER | |
| Edition number | 23 |
| Classification number | 581.9 |
| Author mark and year | RIW 1968 |
| 100 1# - MAIN ENTRY--PERSONAL NAME | |
| Personal name | Riley, Denis. |
| Dates associated with a name | 1913- |
| 9 (RLIN) | 215219 |
| 245 10 - TITLE STATEMENT | |
| Title | World vegetation / |
| Statement of responsibility, etc. | by Denis Riley and Anthony Young. |
| 260 ## - PUBLICATION, DISTRIBUTION, ETC. (IMPRINT) | |
| Place of publication, distribution, etc. | London : |
| Name of publisher, distributor, etc. | Cambridge U.P., |
| Date of publication, distribution, etc. | c1966 [Reprintrd 1968] |
| 300 ## - PHYSICAL DESCRIPTION | |
| Pagination | 96 p. : |
| Illustrations | ill. ; |
| Size | 25 cm. |
| 500 ## - GENERAL NOTE | |
| General note | Includes index. |
| 650 #0 - SUBJECT ADDED ENTRY--TOPICAL TERM | |
| Topical term or geographic name as entry element | Phytogeography. |
| 9 (RLIN) | 159204 |
| Topical term or geographic name as entry element | Plant ecology |
| 9 (RLIN) | 215220 |
| 700 1# - ADDED ENTRY--PERSONAL NAME | |
| Personal name | Young, Anthony, |
| Relator term | joint author. |
| 942 ## - ADDED ENTRY ELEMENTS (KOHA) | |
| Source of classification or shelving scheme | Dewey Decimal Classification |
| Koha item type | Books |
| Lost status | Source of classification or shelving scheme | Damaged status | Not for loan | Collection code | Permanent Location | Current Location | Shelving location | Date acquired | Source of acquisition | Cost, normal purchase price | Total Checkouts | Full call number | Date last seen | Copy number | Koha item type |
|---|---|---|---|---|---|---|---|---|---|---|---|---|---|---|---|
| Dewey Decimal Classification | Not For Loan | Non-fiction | Central Library, University of Rajshahi | Central Library, University of Rajshahi | Reading Room | 29/07/1971 | Zeitlinger | 30.00 | 581.9 RIW 1968 | 23/05/2017 | C-1 | Books |